[Event "European Youth Chess Championship B16"]
[Site "Prague, Top Hotel Prague"]
[Date "2016.08.20"]
[Round "3.30"]
[White "Acs, Marton"]
[Black "Miesbauer, Jan"]
[Result "1/2-1/2"]
[WhiteElo "2030"]
[BlackElo "2272"]
[PlyCount "84"]
[EventDate "2016.08.18"]

1. d4 Nf6 2. Nf3 g6 3. g3 Bg7 4. Bg2 O-O 5. O-O d6 6. b3 Nbd7 7. Bb2 e5 8. dxe5
Ng4 9. Qd2 dxe5 10. h3 Nh6 11. Rd1 f6 12. c4 Nf7 13. Nc3 c6 14. Ne4 Qc7 15. Ba3
Rd8 16. Qc2 Nf8 17. Rxd8 Qxd8 18. Rd1 Qc7 19. Nd6 Be6 20. Nxf7 Qxf7 21. Rd2 a5
22. Qd1 Nd7 23. c5 Bf8 24. Qc2 b6 25. Ne1 Nxc5 26. Bxc5 bxc5 27. Nd3 Rd8 28.
Rd1 c4 29. bxc4 Bxc4 30. Bxc6 Bxa2 31. Ra1 Be6 32. Kh2 Qc7 33. Qa4 Rd4 34. Qb5
Bc4 35. Qb7 Qxb7 36. Bxb7 Bb4 37. Nxb4 axb4 38. Ba6 b3 39. e3 Bxa6 40. exd4 Bd3
41. Ra8+ Kf7 42. Rb8 exd4 1/2-1/2

[Event "European Youth Chess Championship B16"]
[Site "Prague, Top Hotel Prague"]
[Date "2016.08.20"]
[Round "3.31"]
[White "Mohammad, Fahim"]
[Black "Burhanov, Vassily"]
[Result "1-0"]
[WhiteElo "2260"]
[BlackElo "1888"]
[PlyCount "125"]
[EventDate "2016.08.18"]

1. d4 d5 2. c4 e6 3. Nf3 c6 4. Qc2 f5 5. Bf4 Nf6 6. e3 Bd6 7. Nc3 O-O 8. Bd3
Ne4 9. O-O b6 10. Rac1 Bb7 11. cxd5 exd5 12. Ne5 g5 13. Bg3 Nxg3 14. fxg3 Bxe5
15. dxe5 Qe7 16. Bxf5 Nd7 17. e6 Nc5 18. Qd2 Rad8 19. Qd4 Nxe6 20. Qe5 Rfe8 21.
Bxe6+ Qxe6 22. Qxg5+ Qg6 23. Qh4 Rd6 24. Rf3 Rde6 25. Qf4 c5 26. Qh4 Rxe3 27.
Rxe3 Rxe3 28. Nxd5 Bxd5 29. Qd8+ Qe8 30. Qxd5+ Kh8 31. Qd2 Kg7 32. Rf1 Qe7 33.
h3 Rxg3 34. Re1 Qc7 35. Re4 Rg6 36. Qc3+ Kg8 37. Re8+ Kf7 38. Qh8 Qd6 39. Rd8
Qg3 40. Qxh7+ Kf6 41. Rf8+ Ke5 42. Qe7+ Kd4 43. Rd8+ Kc4 44. Qe4+ Kb5 45. b3
Ka6 46. Rd7 b5 47. a4 Rb6 48. axb5+ Rxb5 49. Qa4+ Kb6 50. Qxa7+ Kc6 51. Rd1
Rxb3 52. Qd7+ Kb6 53. Rd6+ Ka5 54. Qc7+ Kb4 55. Rb6+ Ka3 56. Qxc5+ Kb2 57. Qd4+
Kc2 58. Rc6+ Kb1 59. Qd1+ Ka2 60. Qc2+ Ka3 61. Ra6+ Kb4 62. Rb6+ Ka4 63. Qxb3+
1-0

[Event "European Youth Chess Championship B16"]
[Site "Prague, Top Hotel Prague"]
[Date "2016.08.20"]
[Round "3.32"]
[White "Birkisson, Bardur Orn"]
[Black "Plazuelo, Pascual Juan"]
[Result "0-1"]
[WhiteElo "2028"]
[BlackElo "2256"]
[PlyCount "110"]
[EventDate "2016.08.18"]

1. d4 d5 2. Bf4 Nf6 3. e3 c5 4. c3 Nc6 5. Nd2 Bf5 6. Ngf3 Qb6 7. Qb3 c4 8. Qxb6
axb6 9. a3 b5 10. Rc1 h6 11. h3 e6 12. Be2 Nd7 13. Bd1 Nb6 14. Bc2 Bxc2 15.
Rxc2 b4 16. O-O b3 17. Rcc1 Na4 18. Rb1 Bxa3 19. bxa3 Nxc3 20. Rb2 Ne2+ 21. Kh2
Nxf4 22. exf4 Rxa3 23. Nxb3 cxb3 24. Rfb1 Na5 25. Nd2 Kd7 26. Nxb3 Nxb3 27.
Rxb3 Rxb3 28. Rxb3 Rb8 29. Kg3 b5 30. Rb4 Kc6 31. f5 exf5 32. Kf4 Ra8 33. Rb2
Ra4 34. Ke5 f6+ 35. Kxf5 Rxd4 36. Kg6 Re4 37. Kxg7 d4 38. Kxf6 d3 39. Rd2 Rd4
40. Ke5 Kc5 41. f4 Kc4 42. f5 Kc3 43. f6 Rd8 44. Rd1 d2 45. f7 Kc2 46. Rf1 d1=Q
47. Rxd1 Kxd1 48. Kf6 b4 49. Ke7 Ra8 50. f8=Q Rxf8 51. Kxf8 b3 52. Kg7 b2 53.
Kxh6 b1=Q 54. h4 Qf5 55. h5 Qg4 0-1

[Event "European Youth Chess Championship B16"]
[Site "Prague, Top Hotel Prague"]
[Date "2016.08.20"]
[Round "3.33"]
[White "Hurdzan, Tomas"]
[Black "Birkisson, Bjorn Holm"]
[Result "1/2-1/2"]
[WhiteElo "2245"]
[BlackElo "1908"]
[PlyCount "97"]
[EventDate "2016.08.18"]

1. e4 c5 2. Nf3 e6 3. c3 Nf6 4. e5 Nd5 5. d4 cxd4 6. cxd4 d6 7. a3 Bd7 8. Bd3
Bc6 9. O-O Nd7 10. Qe2 Be7 11. Bd2 Rc8 12. Nc3 dxe5 13. dxe5 Nxc3 14. Bxc3 Nc5
15. Bc4 Na4 16. Bd3 Nxc3 17. bxc3 O-O 18. Rfd1 Qc7 19. c4 Bxf3 20. Qxf3 Qxe5
21. Qxb7 Bd6 22. g3 Rb8 23. Qf3 Bc5 24. Rab1 g6 25. a4 Rfd8 26. Rxb8 Rxb8 27.
Bc2 Bd4 28. Kg2 Qc5 29. Qe2 Rb4 30. Rd2 Qxc4 31. Qxc4 Rxc4 32. Kf3 Kf8 33. Ke2
Ke7 34. Kd3 Rb4 35. Re2 a5 36. f4 Kd6 37. Ke4 Bc5+ 38. Kf3 Rd4 39. Re1 Kd5 40.
Rd1 Rxd1 41. Bxd1 h5 42. Be2 e5 43. fxe5 Kxe5 44. Bc4 f6 45. Bf7 Kf5 46. h3 Bd6
47. g4+ hxg4+ 48. hxg4+ Kg5 49. Be8 1/2-1/2

[Event "European Youth Chess Championship B16"]
[Site "Prague, Top Hotel Prague"]
[Date "2016.08.20"]
[Round "3.34"]
[White "Adar, Idan"]
[Black "Stauskas, Lukas"]
[Result "1-0"]
[WhiteElo "1990"]
[BlackElo "2235"]
[PlyCount "53"]
[EventDate "2016.08.18"]

1. d4 Nf6 2. c4 e6 3. Nc3 Bb4 4. Qc2 c5 5. dxc5 Bxc5 6. Nf3 Qb6 7. e3 Qc7 8. b3
a6 9. Bb2 Be7 10. g4 h6 11. Rg1 b6 12. h4 Bb7 13. Be2 d6 14. g5 hxg5 15. hxg5
Nfd7 16. g6 f6 17. Nd4 Nf8 18. Bg4 Bc8 19. Nxe6 Nxe6 20. Bxe6 Bxe6 21. Qe4 Bc8
22. Nd5 Qb7 23. Bxf6 Nc6 24. Bxg7 Bh3 25. Bf6 Ne5 26. Bxe5 dxe5 27. g7 1-0

[Event "European Youth Chess Championship B16"]
[Site "Prague, Top Hotel Prague"]
[Date "2016.08.20"]
[Round "3.35"]
[White "Merkesvik, Sondre"]
[Black "Jurasek, Vojtech"]
[Result "0-1"]
[WhiteElo "2228"]
[BlackElo "1859"]
[PlyCount "94"]
[EventDate "2016.08.18"]

1. Nf3 c5 2. g3 b6 3. Bg2 Bb7 4. O-O e6 5. c4 Nf6 6. Nc3 Be7 7. d4 O-O 8. b3 d5
9. Ne5 cxd4 10. Qxd4 Bc5 11. Qd3 Bd6 12. Qd4 Bxe5 13. Qxe5 Nc6 14. Qf4 dxc4 15.
Ba3 Re8 16. Rfd1 Qb8 17. Bd6 Qc8 18. Rac1 a6 19. Na4 Nd7 20. bxc4 e5 21. Qg4
Nd4 22. Bxe5 Nxe5 23. Qxd4 Bxg2 24. Nxb6 Qh3 25. Qh4 Qxh4 26. gxh4 Rab8 27. c5
Bc6 28. Rd6 Red8 29. Rcd1 Rxd6 30. Rxd6 Be4 31. f3 Bb7 32. f4 Nc6 33. Rd7 g6
34. Rc7 Nd8 35. Kf2 Ne6 36. Nd7 Nxc7 37. Nxb8 Bd5 38. a3 Kg7 39. Ke3 Kf6 40.
Kd4 Be6 41. e4 Nb5+ 42. Ke3 a5 43. a4 Na7 44. c6 Ke7 45. e5 Kd8 46. Kd4 Kc7 47.
Kc5 Kxb8 0-1

[Event "European Youth Chess Championship B16"]
[Site "Prague, Top Hotel Prague"]
[Date "2016.08.20"]
[Round "3.36"]
[White "Ranaldi, Lucas"]
[Black "Holton, Jake"]
[Result "1/2-1/2"]
[WhiteElo "2215"]
[BlackElo "1832"]
[PlyCount "217"]
[EventDate "2016.08.18"]

1. Nf3 d5 2. c4 c6 3. e3 Nf6 4. Nc3 a6 5. Qc2 g6 6. b3 Bg7 7. Bb2 O-O 8. Be2
Qc7 9. cxd5 cxd5 10. Rc1 Nc6 11. O-O e5 12. d3 h6 13. Qb1 Qd6 14. Na4 Nd7 15.
a3 b5 16. Nc3 Nf6 17. Qc2 Bb7 18. Nd2 Rfe8 19. b4 Nd7 20. Nb3 f5 21. e4 Nd4 22.
Nxd4 exd4 23. Nxd5 Rac8 24. Qd2 Bxd5 25. exd5 Nb6 26. Bf3 Nxd5 27. Bxd5+ Qxd5
28. Rxc8 Rxc8 29. Rc1 Rxc1+ 30. Bxc1 Qb3 31. h3 Qc3 32. Kf1 Kf7 33. Qxc3 dxc3
34. Ke2 Ke6 35. Be3 Kd5 36. f3 g5 37. Bf2 f4 38. Kd1 h5 39. Kc2 Bf6 40. Be1 Bd8
41. Bxc3 Be7 42. Bg7 Bd8 43. h4 gxh4 44. Kc3 Bc7 45. Bh6 Bd6 46. Bg5 Bc7 47.
Bxh4 Be5+ 48. Kc2 Bd6 49. Bf2 Be5 50. Be1 Bc7 51. Bc3 Bd6 52. Kd2 Bc7 53. Ke2
Bd6 54. Kf2 Bc7 55. Bf6 Bd6 56. Ke2 Bc7 57. Bh4 Be5 58. Bg5 Bd6 59. Kd2 Be5 60.
Bh6 Bd6 61. Bg7 Bc7 62. Kc2 Bd6 63. Bc3 Bc7 64. Bb2 Bd6 65. Kd2 Bc7 66. Ke2 Bb6
67. Kf1 Be3 68. Ke2 Bb6 69. Bf6 Ba7 70. Bd8 Bb8 71. Bb6 Be5 72. Kd2 Bb2 73. Kc2
Be5 74. Kb3 Bd6 75. a4 Be5 76. axb5 axb5 77. Bc5 Bc7 78. Kc2 Be5 79. Kd2 Bc7
80. Ke2 Be5 81. Bf8 Kd4 82. Kd2 Kd5 83. Be7 Bc7 84. Bf6 Bd6 85. Bc3 Bc7 86. Ke2
Bb6 87. Be1 Bc7 88. Bc3 Bb6 89. Bg7 Ba7 90. Bf8 Bb6 91. Be7 Ba7 92. Bd8 Bb8 93.
Be7 Ba7 94. Bh4 Bb8 95. Kd2 Bd6 96. Kc3 Bc7 97. Bf2 Bd6 98. Bb6 Bb8 99. Bc5 Bc7
100. Kd2 Bb8 101. Ke2 Be5 102. Kf1 Bc3 103. Kg1 Bd4+ 104. Bxd4 Kxd4 105. g4
fxg3 106. f4 h4 107. Kg2 Kd5 108. Kf3 Kd4 109. Kg2 1/2-1/2

[Event "European Youth Chess Championship B16"]
[Site "Prague, Top Hotel Prague"]
[Date "2016.08.20"]
[Round "3.37"]
[White "Hallman, Valo"]
[Black "Bryker, Oleksandr"]
[Result "1-0"]
[WhiteElo "2187"]
[BlackElo "1852"]
[PlyCount "45"]
[EventDate "2016.08.18"]

1. Nf3 d5 2. d4 Nf6 3. c4 e6 4. g3 c6 5. Bg2 Bd6 6. Nc3 Nbd7 7. Nd2 O-O 8. O-O
Re8 9. e4 dxe4 10. Ndxe4 Bc7 11. Be3 h6 12. Nxf6+ Nxf6 13. f4 Qd6 14. g4 Kh8
15. Qf3 Nh7 16. g5 Qf8 17. h4 g6 18. h5 Bd8 19. Ne4 b6 20. gxh6 f5 21. hxg6
Qxh6 22. Nd6 Re7 23. gxh7 1-0

[Event "European Youth Chess Championship B16"]
[Site "Prague, Top Hotel Prague"]
[Date "2016.08.20"]
[Round "3.38"]
[White "Akdogan, Alperen"]
[Black "Rolinek, Dominik"]
[Result "1-0"]
[WhiteElo "2152"]
[BlackElo "1753"]
[PlyCount "45"]
[EventDate "2016.08.18"]

1. d4 d5 2. Nf3 Nf6 3. c4 e6 4. g3 c5 5. cxd5 Nxd5 6. Bg2 Nc6 7. O-O Bd7 8. e4
Nf6 9. d5 Nb8 10. Nc3 g6 11. Bf4 Be7 12. a4 O-O 13. a5 Ne8 14. d6 Bf6 15. e5
Bg7 16. Ne4 Bb5 17. Re1 Nd7 18. Qc1 b6 19. axb6 Qxb6 20. Be3 Nxe5 21. Nxe5 Bxe5
22. Bxc5 Qd8 23. Nd2 1-0

[Event "European Youth Chess Championship B16"]
[Site "Prague, Top Hotel Prague"]
[Date "2016.08.20"]
[Round "3.39"]
[White "Golding, James"]
[Black "Tomulic, Teo"]
[Result "1/2-1/2"]
[WhiteElo "1919"]
[BlackElo "2148"]
[PlyCount "120"]
[EventDate "2016.08.18"]

1. d4 d6 2. c4 e5 3. d5 f5 4. e4 Nf6 5. Nc3 Be7 6. Bd3 f4 7. h3 O-O 8. Nf3 Qe8
9. Qe2 a5 10. Bd2 Na6 11. O-O-O Nc5 12. Bc2 Bd7 13. Rdg1 Kh8 14. Ne1 Qh5 15. f3
Qf7 16. Nd3 Nh5 17. Nxc5 Ng3 18. Qd1 dxc5 19. Rh2 Rad8 20. Ne2 b6 21. Nxg3 fxg3
22. Rhh1 Qh5 23. Re1 Bg5 24. Rhf1 Bxd2+ 25. Qxd2 Rf4 26. Qd1 Qe8 27. Re3 Qe7
28. Kb1 h5 29. Rd3 Qd6 30. Qe1 h4 31. a4 Rdf8 32. Rd1 Kg8 33. b3 Kf7 34. Bd3
Ke7 35. Qd2 Qf6 36. Be2 Kd6 37. Qd3 Qd8 38. Ka1 R8f6 39. Kb1 Qc8 40. Rh1 Qh8
41. Ka1 Ke7 42. Kb1 Rd6 43. Qc3 Qh5 44. Qb2 Be8 45. Ka1 Bg6 46. Bd3 Rdf6 47.
Ka2 Kd6 48. Ka3 Qh8 49. Qe2 Qf8 50. Rdf1 Bh5 51. Rhg1 Qc8 52. Rh1 Qf8 53. Rhg1
Be8 54. Rh1 Bd7 55. Qd1 g5 56. Be2 Be8 57. Qd3 Bg6 58. Qd1 Bh7 59. Bd3 Qf7 60.
Qe2 Bg6 1/2-1/2

[Event "European Youth Chess Championship B16"]
[Site "Prague, Top Hotel Prague"]
[Date "2016.08.20"]
[Round "3.40"]
[White "Slovak, Kilian"]
[Black "Kildea, Robbie"]
[Result "1-0"]
[WhiteElo "2142"]
[BlackElo "1626"]
[PlyCount "97"]
[EventDate "2016.08.18"]

1. e4 g6 2. d4 Bg7 3. Nc3 d5 4. Nxd5 c6 5. Nf4 Qxd4 6. Qxd4 Bxd4 7. Nf3 Bb6 8.
Bc4 Nf6 9. e5 Ne4 10. O-O Na6 11. Nd3 O-O 12. Bh6 Rd8 13. Rfe1 Bf5 14. Re2 Nec5
15. Nxc5 Bxc5 16. h3 Nc7 17. Ng5 Nd5 18. g4 Bd7 19. Rd2 Be8 20. Rad1 e6 21. Ne4
Be7 22. Bb3 b5 23. Bg5 Kf8 24. Nf6 Kg7 25. c3 Rdc8 26. Ne4 f6 27. exf6+ Bxf6
28. Nxf6 Nxf6 29. Bxe6 Ne4 30. Rd7+ Bxd7 31. Rxd7+ Kf8 32. Bh6+ Ke8 33. Rxh7
Rd8 34. Bf7+ Ke7 35. Bxg6+ Kf6 36. Bxe4 Rd1+ 37. Kg2 Ra1 38. Bf4 Rxa2 39. g5+
Ke6 40. Rh6+ Kf7 41. Bxc6 Rd8 42. Bxb5 Rxb2 43. Bc4+ Kf8 44. Rh8+ Ke7 45. Rxd8
Kxd8 46. h4 a5 47. g6 Rb7 48. h5 Rg7 49. Be5 1-0

[Event "European Youth Chess Championship B16"]
[Site "Prague, Top Hotel Prague"]
[Date "2016.08.20"]
[Round "3.41"]
[White "Kuchar, Matej"]
[Black "Lojek, Marek"]
[Result "0-1"]
[WhiteElo "1873"]
[BlackElo "2141"]
[PlyCount "50"]
[EventDate "2016.08.18"]

1. e4 e5 2. Nf3 Nc6 3. d4 exd4 4. Nxd4 Nf6 5. Nc3 Bb4 6. Nxc6 bxc6 7. Bd3 d5 8.
exd5 cxd5 9. O-O O-O 10. Bg5 c6 11. Qf3 Bd6 12. h3 Rb8 13. Na4 h6 14. Bd2 c5
15. b3 Bb7 16. Rae1 c4 17. Be2 d4 18. Qf5 Be4 19. Qa5 c3 20. Qxd8 Rbxd8 21. Bc1
Bxc2 22. Bc4 Bb4 23. a3 Ba5 24. Nc5 d3 25. b4 Bb6 0-1

[Event "European Youth Chess Championship B16"]
[Site "Prague, Top Hotel Prague"]
[Date "2016.08.20"]
[Round "3.42"]
[White "Dabos, Doukas Ioannis"]
[Black "Pantzar, Milton"]
[Result "0-1"]
[WhiteElo "1815"]
[BlackElo "2135"]
[PlyCount "87"]
[EventDate "2016.08.18"]

1. d4 Nf6 2. Nf3 c5 3. d5 g6 4. Nc3 Bg7 5. e4 d6 6. Be2 O-O 7. O-O Na6 8. Bf4
Nh5 9. Bd2 e5 10. Qc1 f5 11. Ng5 Nf4 12. Bxf4 exf4 13. Ne6 Bxe6 14. dxe6 Bxc3
15. bxc3 fxe4 16. Bc4 d5 17. e7 Qxe7 18. Bxd5+ Kh8 19. c4 Rae8 20. Qb2+ Qg7 21.
Qxb7 Nb4 22. Qxg7+ Kxg7 23. c3 Nxd5 24. cxd5 Kf6 25. c4 Ke5 26. Rfd1 Rf6 27.
Rab1 Rb6 28. Rxb6 axb6 29. Kf1 Ra8 30. d6 Rd8 31. d7 Ke6 32. Rb1 Rxd7 33. Rxb6+
Ke5 34. Rb2 Rd1+ 35. Ke2 Rg1 36. g3 f3+ 37. Kd2 Kd4 38. Rb8 Rf1 39. Rd8+ Kxc4
40. Ke3 Re1+ 41. Kf4 g5+ 42. Kxg5 e3 43. Re8 exf2 44. Re3 0-1

[Event "European Youth Chess Championship B16"]
[Site "Prague, Top Hotel Prague"]
[Date "2016.08.20"]
[Round "3.43"]
[White "Abishli, Oghuz"]
[Black "Mouthuy, Jacky-Long"]
[Result "1-0"]
[WhiteElo "2120"]
[BlackElo "1564"]
[PlyCount "107"]
[EventDate "2016.08.18"]

1. d4 Nf6 2. Nf3 e6 3. c4 b6 4. a3 Bb7 5. Nc3 Be7 6. d5 O-O 7. e4 d6 8. Bd3
Nbd7 9. O-O c6 10. dxc6 Bxc6 11. b4 h6 12. Bc2 a6 13. Bb2 Qc7 14. Re1 Rfe8 15.
h3 Rad8 16. Bb3 Qb7 17. Qe2 b5 18. Nd4 Rb8 19. Nxc6 Qxc6 20. Rac1 Qb7 21. f4
Bd8 22. e5 dxe5 23. fxe5 Nh7 24. c5 Bc7 25. Nd1 Nhf8 26. c6 Qa7+ 27. Nf2 Nb6
28. Bd4 Ng6 29. Qe4 Rbd8 30. Kh1 Ne7 31. g4 Qa8 32. Bb2 Rd2 33. Bd4 Rd8 34. Be3
Rb2 35. Bd1 Nc4 36. Bf3 Nxe5 37. Bg2 Nc4 38. Nd3 Rb3 39. Nc5 Rxa3 40. Nxe6 Rxe3
41. Rxe3 Nxe3 42. Nxc7 Qc8 43. Qxe7 Nxg2 44. Kxg2 Rd2+ 45. Kh1 Kh7 46. Qe4+ g6
47. Qf4 Rd3 48. Qxf7+ Kh8 49. Qe8+ Qxe8 50. Nxe8 Rxh3+ 51. Kg2 Rb3 52. c7 Rb2+
53. Kg1 Rxb4 54. c8=Q 1-0

[Event "European Youth Chess Championship B16"]
[Site "Prague, Top Hotel Prague"]
[Date "2016.08.20"]
[Round "3.45"]
[White "Fleri, Matthew"]
[Black "Papp, Levente"]
[Result "0-1"]
[WhiteElo "1276"]
[BlackElo "2120"]
[PlyCount "62"]
[EventDate "2016.08.18"]

1. d4 d5 2. c4 e6 3. Nc3 Nf6 4. Bf4 c6 5. a3 Bd6 6. e3 O-O 7. Bd3 dxc4 8. Bxc4
b5 9. Bd3 Bxf4 10. exf4 Qc7 11. Nge2 Bb7 12. O-O Nbd7 13. Re1 a6 14. Qd2 c5 15.
b3 Rad8 16. Rac1 Qc6 17. f3 Qb6 18. Qe3 cxd4 19. Qxd4 Nc5 20. Qf2 Rxd3 21. b4
Ncd7 22. Qxb6 Nxb6 23. Rc2 Rfd8 24. Kf2 Rd2 25. Rcc1 Nc4 26. a4 Nb2 27. Ke3
bxa4 28. b5 axb5 29. Nxb5 Nd1+ 30. Rexd1 Rxd1 31. Rc7 Nd5+ 0-1

[Event "European Youth Chess Championship B16"]
[Site "Prague, Top Hotel Prague"]
[Date "2016.08.20"]
[Round "3.46"]
[White "Chajda, Patrik"]
[Black "German, Nikita"]
[Result "0-1"]
[WhiteElo "1669"]
[BlackElo "2223"]
[PlyCount "64"]
[EventDate "2016.08.18"]

1. d4 Nf6 2. Bg5 e6 3. e4 h6 4. Bxf6 Qxf6 5. c3 d6 6. Bd3 Nd7 7. Ne2 Qd8 8. O-O
g6 9. f4 Nf6 10. f5 gxf5 11. exf5 e5 12. Ng3 Qe7 13. Nd2 Bd7 14. Nde4 O-O-O 15.
Nxf6 Qxf6 16. Ne4 Qh4 17. b4 Bc6 18. Qc2 exd4 19. b5 Bxe4 20. Bxe4 d5 21. Bd3
Bc5 22. Kh1 dxc3 23. Qxc3 Bd6 24. h3 Qg3 25. Kg1 Rhg8 26. Rf2 Be5 27. Qc5 Bxa1
28. Qxa7 Qxd3 29. Qa8+ Kd7 30. Qxb7 Qd1+ 31. Rf1 Rxg2+ 32. Kxg2 Rg8+ 0-1

[Event "European Youth Chess Championship B16"]
[Site "Prague, Top Hotel Prague"]
[Date "2016.08.20"]
[Round "3.47"]
[White "Pavelka, Hubert Jan"]
[Black "Kadianis, Georgios"]
[Result "1/2-1/2"]
[WhiteElo "1934"]
[BlackElo "2169"]
[PlyCount "101"]
[EventDate "2016.08.18"]

1. e4 e5 2. Nf3 Nc6 3. Bb5 a6 4. Ba4 Nf6 5. O-O Be7 6. Re1 b5 7. Bb3 O-O 8. h3
Bb7 9. d3 d5 10. Nbd2 d4 11. Nf1 Qd6 12. Ng3 Bc8 13. c3 h6 14. cxd4 Nxd4 15.
Nxd4 Qxd4 16. Qc2 Qd6 17. Be3 Be6 18. Rac1 Rac8 19. Bc5 Qxc5 20. Bxe6 fxe6 21.
Qxc5 Bxc5 22. Rxc5 Rfd8 23. Rd1 Nd7 24. Rc6 Kf7 25. Rdc1 Nb6 26. Rxc7+ Rxc7 27.
Rxc7+ Kf6 28. Nh5+ Kg6 29. g4 Rd7 30. Rc6 Na4 31. b3 Nb2 32. Rxe6+ Kf7 33. Rxe5
Nxd3 34. Rf5+ Ke8 35. Nf4 Nc1 36. Re5+ Re7 37. Rxe7+ Kxe7 38. f3 Nxa2 39. Nd3
a5 40. Kf2 Kd6 41. Ke3 Nc3 42. f4 a4 43. bxa4 bxa4 44. Kd4 Ne2+ 45. Kc4 a3 46.
e5+ Kc6 47. Kb3 Kd5 48. f5 h5 49. g5 Nd4+ 50. Kxa3 Nxf5 51. Nf4+ 1/2-1/2

[Event "European Youth Chess Championship B16"]
[Site "Prague, Top Hotel Prague"]
[Date "2016.08.20"]
[Round "3.48"]
[White "Aubrecht, Petr"]
[Black "Liska, Jiri"]
[Result "0-1"]
[WhiteElo "1959"]
[BlackElo "2116"]
[PlyCount "118"]
[EventDate "2016.08.18"]

1. e4 Nf6 2. e5 Nd5 3. d4 d6 4. Nf3 Nb6 5. c3 g6 6. exd6 cxd6 7. Be2 Bg7 8. O-O
O-O 9. Be3 Bf5 10. Qd2 e5 11. dxe5 dxe5 12. Rd1 Nc6 13. Na3 Qe7 14. Nc4 Nxc4
15. Bxc4 Rfd8 16. Qe2 e4 17. Nd4 Nxd4 18. Bxd4 Bxd4 19. Rxd4 Rxd4 20. cxd4 Rd8
21. d5 Qc5 22. a3 Rc8 23. Bb3 h5 24. h3 h4 25. Rd1 Kg7 26. Qe3 Qxe3 27. fxe3
Bd7 28. Kf2 f5 29. Rd2 Kf6 30. d6 a6 31. a4 Rc6 32. a5 Rc5 33. Bd5 Rb5 34. b3
Rxa5 35. Bxb7 Rb5 36. Bxa6 Rxb3 37. Bc4 Rc3 38. Bb5 Bxb5 39. d7 Bxd7 40. Rxd7
Rc2+ 41. Kf1 Rc5 42. Rd8 g5 43. Rf8+ Kg7 44. Re8 Kf7 45. Rh8 Re5 46. Kf2 Kg7
47. Rh5 Kg6 48. Rh8 Rc5 49. Rf8 g4 50. hxg4 fxg4 51. Rg8+ Kf5 52. Rf8+ Ke6 53.
Re8+ Kd5 54. Rd8+ Kc6 55. Rh8 g3+ 56. Ke2 Rc2+ 57. Ke1 Rc1+ 58. Ke2 Rh1 59. Re8
h3 0-1

[Event "European Youth Chess Championship B16"]
[Site "Prague, Top Hotel Prague"]
[Date "2016.08.20"]
[Round "3.49"]
[White "Haring, Viktor"]
[Black "Cirovic, Miroljub"]
[Result "1/2-1/2"]
[WhiteElo "2105"]
[BlackElo "1943"]
[PlyCount "50"]
[EventDate "2016.08.18"]

1. e4 c5 2. Nf3 e6 3. d4 cxd4 4. Nxd4 Nc6 5. Nc3 Qc7 6. Be3 a6 7. Be2 Nf6 8.
O-O Bb4 9. Nxc6 bxc6 10. Qd3 a5 11. f3 Ba6 12. Qd2 Bxe2 13. Qxe2 O-O 14. a3 Be7
15. f4 d5 16. e5 Nd7 17. Na4 c5 18. c4 d4 19. Bd2 Nb6 20. Nxb6 Qxb6 21. Rab1 f5
22. b3 Qc6 23. Rf3 Qe4 24. Qd3 Rfb8 25. a4 Rb7 1/2-1/2

[Event "European Youth Chess Championship B16"]
[Site "Prague, Top Hotel Prague"]
[Date "2016.08.20"]
[Round "3.50"]
[White "Demosthenous, Andreas"]
[Black "Kistrup, Nicolai"]
[Result "1-0"]
[WhiteElo "1925"]
[BlackElo "2089"]
[PlyCount "59"]
[EventDate "2016.08.18"]

1. e4 e5 2. Nf3 Nc6 3. Bb5 a6 4. Ba4 Nf6 5. O-O Be7 6. Re1 b5 7. Bb3 O-O 8. c3
d6 9. h3 Na5 10. Bc2 c5 11. d3 Nc6 12. Nbd2 Qc7 13. Nf1 Rd8 14. Qe2 Bb7 15. Ng3
d5 16. Nf5 c4 17. exd5 cxd3 18. Bxd3 Rxd5 19. c4 Rd7 20. cxb5 Nb4 21. Nxe5 Nxd3
22. Nxd7 Nxe1 23. Nxe7+ Kh8 24. Ne5 Qxe7 25. Ng6+ fxg6 26. Qxe7 Nc2 27. Qxb7
Re8 28. Rb1 Re1+ 29. Kh2 Nd4 30. Bh6 1-0

[Event "European Youth Chess Championship B16"]
[Site "Prague, Top Hotel Prague"]
[Date "2016.08.20"]
[Round "3.51"]
[White "Landi, Alberto"]
[Black "Berntsen-Oybo, August"]
[Result "1-0"]
[WhiteElo "2057"]
[BlackElo "1899"]
[PlyCount "115"]
[EventDate "2016.08.18"]

1. e4 c5 2. c3 g6 3. d4 cxd4 4. cxd4 d5 5. exd5 Nf6 6. Qa4+ Nbd7 7. Nc3 Bg7 8.
Be2 O-O 9. Bf3 Nb6 10. Qb3 e6 11. Bg5 h6 12. Bxf6 Bxf6 13. Nge2 Nxd5 14. Nxd5
exd5 15. O-O Qb6 16. Qxb6 axb6 17. Bxd5 Rd8 18. Bf3 Bxd4 19. Nxd4 Rxd4 20. a3
Rd2 21. Rfd1 Rxd1+ 22. Rxd1 Be6 23. Bxb7 Rb8 24. Be4 f5 25. Bd5 Kf7 26. Kf1
Bxd5 27. Rxd5 Ke6 28. Rb5 Kd6 29. Ke2 Re8+ 30. Kd2 Kc6 31. Rb3 Re6 32. Re3 Rd6+
33. Rd3 Re6 34. Re3 Rd6+ 35. Kc3 f4 36. Re4 g5 37. h4 Rg6 38. h5 Rd6 39. Rc4+
Kb7 40. Rd4 Re6 41. Kd2 Kc6 42. Rd8 Kc5 43. Rg8 Rd6+ 44. Ke2 Rd7 45. Rg6 Rh7
46. Kd3 b5 47. Kc3 f3 48. g4 Rf7 49. Rxh6 Rf4 50. Rg6 Rxg4 51. h6 Rg2 52. h7
Rh2 53. Rxg5+ Kb6 54. Rg7 Kc5 55. Kd3 Rh3 56. b3 Kd5 57. Ke3 Ke5 58. Rb7 1-0

[Event "European Youth Chess Championship B16"]
[Site "Prague, Top Hotel Prague"]
[Date "2016.08.20"]
[Round "3.52"]
[White "Seibt, Sascha"]
[Black "Anaskin, Arsenij"]
[Result "0-1"]
[WhiteElo "1847"]
[BlackElo "2054"]
[PlyCount "100"]
[EventDate "2016.08.18"]

1. Nf3 Nf6 2. g3 g6 3. b3 Bg7 4. Bb2 O-O 5. Bg2 d5 6. c4 c6 7. O-O Bg4 8. d3
Qc8 9. Re1 Na6 10. Nbd2 Bh3 11. Bh1 Qg4 12. Rc1 Rac8 13. a3 Rfd8 14. Qc2 Nc7
15. Qb1 Nh5 16. Bxg7 Nxg7 17. Qb2 f6 18. cxd5 cxd5 19. d4 Qd7 20. Rc2 Bf5 21.
Rcc1 Nge8 22. Nh4 Be6 23. Ng2 Nd6 24. Nf4 Bf7 25. Nd3 a5 26. Rc2 Ncb5 27. Rec1
Qg4 28. Nf4 Rxc2 29. Rxc2 Qf5 30. Nd3 Rc8 31. Rxc8+ Qxc8 32. Nb1 Qg4 33. Nf4
Qf5 34. Nd3 Ne4 35. a4 Nbd6 36. Nd2 Ng5 37. Bg2 Nde4 38. Nxe4 dxe4 39. Ne1 Qe6
40. h4 Nh3+ 41. Bxh3 Qxh3 42. e3 Qe6 43. Qc3 Qb6 44. Qc2 Qxb3 45. Qxe4 Qd1 46.
Kf1 Bc4+ 47. Kg2 Qxe1 48. Qxe7 Qf1+ 49. Kf3 Be2+ 50. Ke4 Qg2+ 0-1

[Event "European Youth Chess Championship B16"]
[Site "Prague, Top Hotel Prague"]
[Date "2016.08.20"]
[Round "3.53"]
[White "Horvath, Tomas"]
[Black "Hakobyan, Hakob V"]
[Result "0-1"]
[WhiteElo "2014"]
[BlackElo "1792"]
[PlyCount "102"]
[EventDate "2016.08.18"]

1. e4 c5 2. Nc3 e6 3. f4 d5 4. Bb5+ Nc6 5. Nf3 dxe4 6. Nxe4 Bd7 7. O-O Be7 8.
d3 Nf6 9. Qe2 O-O 10. Bxc6 Bxc6 11. Bd2 Rc8 12. b3 Qc7 13. Ne5 Rfd8 14. Nxf7
Kxf7 15. Ng5+ Ke8 16. Nxe6 Qd7 17. Rae1 Kf7 18. Nxd8+ Rxd8 19. f5 Kf8 20. Bc3
Nd5 21. Be5 Bf6 22. Bxf6 Nxf6 23. Qe5 b6 24. h3 Qb7 25. Rf2 Kg8 26. Rfe2 h6 27.
a4 Bd5 28. Qf4 Rd7 29. b4 Bf7 30. bxc5 bxc5 31. Qe5 Nd5 32. Qa1 Bh5 33. Rf2 Qb8
34. Qe5 Qb4 35. Re4 Qb1+ 36. Kh2 Nf6 37. Rc4 Rd5 38. Qe3 Qb8+ 39. Qf4 Qe8 40.
Qc7 Qe3 41. Qf4 Qe1 42. d4 Ne4 43. Rf1 Qe2 44. f6 gxf6 45. Qb8+ Kg7 46. Qb7+
Bf7 47. Rf4 Nd6 48. Qxa7 Nxc4 49. Rg4+ Rg5 50. Rxg5+ hxg5 51. Qxc5 Ne3 0-1

[Event "European Youth Chess Championship B16"]
[Site "Prague, Top Hotel Prague"]
[Date "2016.08.20"]
[Round "3.54"]
[White "Pobor, Danilo"]
[Black "Markovic, Dino"]
[Result "0-1"]
[WhiteElo "1783"]
[BlackElo "2012"]
[PlyCount "72"]
[EventDate "2016.08.18"]

1. d4 e6 2. Nf3 d5 3. c4 Nf6 4. Nc3 c6 5. e3 Nbd7 6. Qc2 Be7 7. cxd5 exd5 8.
Bd3 O-O 9. O-O Bd6 10. Bd2 Re8 11. Rfe1 h6 12. Rab1 a5 13. h3 Nf8 14. e4 dxe4
15. Nxe4 Nxe4 16. Bxe4 Be6 17. b3 Nd7 18. Bh7+ Kh8 19. Bf5 Nf8 20. Rbc1 Qf6 21.
Bxe6 Nxe6 22. Bc3 Nf4 23. g3 Nxh3+ 24. Kg2 Ng5 25. Nxg5 Qxg5 26. Qd3 Qd5+ 27.
Kg1 Kg8 28. Rcd1 a4 29. bxa4 Qxa2 30. Rxe8+ Rxe8 31. Ra1 Qd5 32. Rb1 Re7 33.
Rb6 h5 34. Qb1 h4 35. Rxb7 h3 36. Rxe7 Qg2# 0-1